|
|
|
|
| LEADER |
00000nam0a2200000 4500 |
| 001 |
368421 |
| 005 |
20231102012100.0 |
| 035 |
|
|
|a (RuTPU)RU\TPU\retro\25803
|
| 090 |
|
|
|a 368421
|
| 100 |
|
|
|a 20220411d1980 km y0rusy50 ca
|
| 101 |
0 |
|
|a rus
|
| 102 |
|
|
|a RU
|
| 105 |
|
|
|a a z 001zy
|
| 200 |
1 |
|
|a Контроль производства синтетических каучуков
|f Н. А. Исакова, Г. А. Белова, В. С. Фихтенгольц
|
| 210 |
|
|
|a Ленинград
|c Химия
|d 1980
|
| 215 |
|
|
|a 240 с.
|c ил.
|
| 320 |
|
|
|a Библиогр.: с. 239-
|
| 606 |
1 |
|
|a Каучук синтетический
|2 stltpush
|3 (RuTPU)RU\TPU\subj\14154
|9 40617
|
| 610 |
1 |
|
|a мономеры
|
| 610 |
1 |
|
|a анализ
|
| 610 |
1 |
|
|a хроматографический анализ
|
| 610 |
1 |
|
|a растворители
|
| 610 |
1 |
|
|a катализаторы
|
| 610 |
1 |
|
|a полимеризация
|
| 610 |
1 |
|
|a контроль
|
| 610 |
1 |
|
|a вспомогательные материалы
|
| 610 |
1 |
|
|a товарный кредит
|
| 610 |
1 |
|
|a производство
|
| 610 |
1 |
|
|a производственные воды
|
| 675 |
|
|
|a 678.4
|v 4
|
| 700 |
|
1 |
|a Исакова
|b Н. А.
|g Нина Алексеевна
|
| 701 |
|
1 |
|a Белова
|b Г. А.
|g Галина Александровна
|
| 701 |
|
1 |
|a Фихтенгольц
|b В. С.
|g Вадим Семенович
|
| 801 |
|
1 |
|a RU
|b 63413507
|c 20220411
|
| 942 |
|
|
|c BK
|